SHEDER - KEEP ON GRINDIN - Statystyki

Ogólne statystyki
  • Ten quiz został rozwiązany 2 razy
  • Średni wynik to 5 z 16
Statystyki odpowiedzi
KEEP ON GRINDIN % Poprawnych
KEEP ON GRINDIN
100%
BYŁA NAUCZYŁA
50%
HUGE PCA
50%
NIE ŻYJE NA POKAZ
50%
NIE ŻYJE NA POKAZ V2
50%
OU
50%
TRON
50%
WYSTARCZY KROK (bonus track)
50%
CRUSH
0%
ŁATWO SIĘ ZGUBIĆ
0%
MAM ZA MIĘKKIE SERCE
0%
MUSIAŁBYĆ ZOBACZYĆ
0%
TALENCIAKI
0%
WALUTA
0%
WYJADE NA KOŁACH
0%
WYJEBANE
0%
Nie znaleziono quizów pasujących do podanych kryteriów
Rozkład punktacji
Procent ludzi z każdym wynikiem
Percentyl według liczby udzielonych odpowiedzi
Twoja historia wyników
Nie rozwiązałeś tego quizu